Crisis avícola en Sonora : el fin de un paradigma : 1970-1999 /

Obra en que se da cuenta del desarrollo avícola y económico del estado de Sonora, que en su momento impulsó la modernización avícola en todo el país. Inicia con el examen de las condiciones que permitieron que Sonora, a principio de los años setenta, desarrollara con éxito esta actividad y cómo, a c...

Fuld beskrivelse

Guardado en:
Bibliografiske detaljer
Hovedforfatter: Hernández Moreno, María del Carmen (autor)
Format: Bog
Sprog:spansk
Udgivet: México : Plaza y Valdés, 2001, c2001
Fag:
Tags: Tilføj Tag
Ingen Tags, Vær først til at tagge denne postø!

MARC

LEADER 00000nam^a2200000^a^4500
001 000141631
005 20250521000000.0
009 20260310095622.049
020 |a 968-856-958-5 
037 |a Acervo ITESO - Biblioteca 
041 |a ESP 
082 |a 338. 476365097217063  |b HER 
100 |a Hernández Moreno, María del Carmen  |e (autor) 
245 1 0 |a Crisis avícola en Sonora :  |b el fin de un paradigma : 1970-1999 /  |c M.C. Hernández Moreno. 
264 4 |a México :  |b Plaza y Valdés,  |c 2001, c2001 
300 |a 356 p. 
336 |a texto  |b txt  |2 rdacontenido 
337 |a sin mediación  |b n  |2 rdamedio 
338 |a volumen  |b nc  |2 rdasoporte 
520 |a Obra en que se da cuenta del desarrollo avícola y económico del estado de Sonora, que en su momento impulsó la modernización avícola en todo el país. Inicia con el examen de las condiciones que permitieron que Sonora, a principio de los años setenta, desarrollara con éxito esta actividad y cómo, a consecuencia de los cambios en los escenarios económico y político del país, las ventajas locales desaparecieron, sumiendo a la industria avícola sonorense en una gran depresión. 
649 |a XX 
650 |a Industria Avícola -  |z Sonora -  |x Historia -  |y 1970-1979 
650 |a Industria Avícola -  |z Sonora -  |x Historia -  |y 1980-1989 
650 |a Industria Avicola -  |z Sonora -  |x Historia -  |y 1990-1999 
650 |a Competencia (Economía) 
650 |a Monopolio -  |z Sonora 
650 |a Empresa y Gobierno -  |z Sonora 
650 |a Empresa y Sociedad -  |z Sonora 
650 |a Crisis Económica -  |z Sonora 
650 |a Desarrollo Regional -  |z Sonora 
650 |a Desarrollo Económico-Social -  |z Sonora 
650 |a Política Industrial -  |z Sonora 
650 |a Política Económica -  |z Sonora 
650 |a Economía -  |z Sonora -  |x Historia -  |y 1970-1979 
650 |a Economía -  |z Sonora -  |x Historia -  |y 1980-1989 
650 |a Economía -  |z Sonora -  |x Historia -  |y 1990-1999 
650 |a Economía -  |z México -  |x Historia -  |y Siglo XX 
650 |a Sonora -  |x Condiciones Económicas 
650 |a México -  |x Condiciones Económicas 
910 |a Fondo General 
920 |a Impresos - Libros 
930 |a Colección General 
905 |a 101 
901 |a 0500070524  |b IT1  |c ACC  |u 20250521 
902 |a https://opac.biblio.iteso.mx/vufind/Record/000141631